The Smiths - Complete the Lyrics - Statistics

General Stats
  • This quiz has been taken 90 times
  • The average score is 5 of 9
Answer Stats
Lyrics Answer % Correct
"In a river the color of red, immersed the baby's _____" head
80%
"No hope, no harm just another false____" alarm
62%
"In my life, oh, why do I give valuable time To people who don't care if I live or die? What she asked of me at the end of the day Caligula would have _____" blushed
62%
"Panic on the streets of London Panic on the streets of _____" Birmingham
57%
"But sometimes I'd feel more fulfilled Making Christmas cards with the ____ __" mentally ill
57%
"Spending warm summer days in doors, writing frightening verse to a buck-toothed girl in ____" Luxembourg
48%
"As Anthony said to Cleopatra as he opened a crate of ____" ale
39%
"The day that your mentality catches up with your ____" biology
35%
"End of the pier, end of the bay
You tug my arm, and say
"Give in to lust, give up to lust
Oh, heaven knows we'll soon be ___"
dust
35%
No matching quizzes found
Score Distribution
Percent of People with Each Score
Percentile by Number Answered
Your Score History
You have not taken this quiz